| 000 | 00353nam a22001457a 4500 | ||
|---|---|---|---|
| 005 | 20250915143711.0 | ||
| 008 | 250915b |||||||| |||| 00| 0 eng d | ||
| 020 | _a0927936550 | ||
| 050 |
_aBV464 _b.I55 MUM |
||
| 100 | _aMUMBA NEVERS | ||
| 245 | _aINTEGRITY WITH FIRE | ||
| 260 |
_aTULSA _bVINCOM, INC. _cc1994 |
||
| 300 | _aix, 84p | ||
| 942 |
_2lcc _cBK _n0 |
||
| 999 |
_c7559 _d7559 |
||